<?xml version="1.0" encoding="UTF-8"?>
<record
    xmlns:xsi="http://www.w3.org/2001/XMLSchema-instance"
    xsi:schemaLocation="http://www.loc.gov/MARC21/slim http://www.loc.gov/standards/marcxml/schema/MARC21slim.xsd"
    xmlns="http://www.loc.gov/MARC21/slim">

  <leader>01893nam a22003617a 4500</leader>
  <controlfield tag="003">DO-SdBNP</controlfield>
  <controlfield tag="005">20250320105109.0</controlfield>
  <controlfield tag="007">ta</controlfield>
  <controlfield tag="008">210419e2020    dr aod|gr||||o00| 0 spa d</controlfield>
  <datafield tag="020" ind1=" " ind2=" ">
    <subfield code="a">9789945923513</subfield>
  </datafield>
  <datafield tag="040" ind1=" " ind2=" ">
    <subfield code="a">DO-SdBNP</subfield>
    <subfield code="b">spa</subfield>
    <subfield code="c">BNPHU</subfield>
  </datafield>
  <datafield tag="082" ind1=" " ind2="4">
    <subfield code="b">R426g</subfield>
  </datafield>
  <datafield tag="110" ind1="1" ind2=" ">
    <subfield code="a">Rep&#xFA;blica Dominicana :</subfield>
    <subfield code="b">Ministerio de Medio Ambiente y Recursos Naturales</subfield>
    <subfield code="e">Direcci&#xF3;n de Viodiversidad.</subfield>
    <subfield code="9">66969</subfield>
  </datafield>
  <datafield tag="245" ind1="1" ind2="0">
    <subfield code="a">Gu&#xED;a metodol&#xF3;gica para la restauraci&#xF3;n de ecosistemas degradados y paisajes en la Rep&#xFA;blica Dominicana. / </subfield>
    <subfield code="c">Adolfo Jos&#xE9; Lopez Belando; Fotograf&#xED;as: Jos&#xE9; Manuel Matos,...[et. al.]</subfield>
  </datafield>
  <datafield tag="260" ind1=" " ind2=" ">
    <subfield code="a">Santo Domingo :</subfield>
    <subfield code="b">Ministerio de Medio Ambiente y Recursos Naturales,</subfield>
    <subfield code="c">2020</subfield>
  </datafield>
  <datafield tag="300" ind1=" " ind2=" ">
    <subfield code="a">84 p. :</subfield>
    <subfield code="b">il., fotograf&#xED;as, diagramas ;</subfield>
    <subfield code="c">22 cm</subfield>
  </datafield>
  <datafield tag="504" ind1=" " ind2=" ">
    <subfield code="a">Bibiograf&#xED;asp .62-67</subfield>
  </datafield>
  <datafield tag="505" ind1="1" ind2=" ">
    <subfield code="a">Presentaci&#xF3;n--  </subfield>
    <subfield code="t">I- Introducci&#xF3;n--</subfield>
    <subfield code="t">II - Marco conceptual de la restauraci&#xF3;n ecol&#xF3;gica --</subfield>
    <subfield code="t">III - Marco internacional de la restauraci&#xF3;n ecol&#xF3;gica --</subfield>
    <subfield code="t">IV - Marco nacional de la restauraci&#xF3;n ecol&#xF3;gica --</subfield>
    <subfield code="t">V - Modelo de restauraci&#xF3;n ecol&#xF3;gica del Ministerio de Medio Ambiente en la Rep&#xFA;blica Dominicana --</subfield>
    <subfield code="t">VI - Referencias Bibliogr&#xE1;ficas --</subfield>
    <subfield code="t">VII - Anexos.</subfield>
  </datafield>
  <datafield tag="590" ind1=" " ind2=" ">
    <subfield code="a">Inventariado, 2021/ MF</subfield>
  </datafield>
  <datafield tag="650" ind1=" " ind2="7">
    <subfield code="9">79518</subfield>
    <subfield code="a">Conservaci&#xF3;n del medio ambiente </subfield>
    <subfield code="x">Gu&#xED;a</subfield>
    <subfield code="z">Rep&#xFA;blica Dominicana</subfield>
    <subfield code="2">LEMB</subfield>
  </datafield>
  <datafield tag="650" ind1=" " ind2="4">
    <subfield code="9">79519</subfield>
    <subfield code="a">Protecci&#xF3;n del medio ambiente</subfield>
    <subfield code="x">Gu&#xED;a</subfield>
    <subfield code="z">Rep&#xFA;blica Dominicana</subfield>
  </datafield>
  <datafield tag="650" ind1=" " ind2="4">
    <subfield code="9">11808</subfield>
    <subfield code="a">Ecosistema</subfield>
    <subfield code="x">Gu&#xED;a</subfield>
    <subfield code="z">Rep&#xFA;blica Dominicana</subfield>
  </datafield>
  <datafield tag="650" ind1=" " ind2="4">
    <subfield code="9">30020</subfield>
    <subfield code="a">Gestion Ambiental</subfield>
    <subfield code="x">Gu&#xED;a</subfield>
  </datafield>
  <datafield tag="700" ind1="1" ind2=" ">
    <subfield code="9">74644</subfield>
    <subfield code="a">L&#xF3;pez Belando, Adolfo Jos&#xE9;</subfield>
  </datafield>
  <datafield tag="700" ind1="1" ind2=" ">
    <subfield code="a">Matos, Jos&#xE9; Manuel </subfield>
    <subfield code="e">fotogr.</subfield>
    <subfield code="9">83115</subfield>
  </datafield>
  <datafield tag="700" ind1="1" ind2=" ">
    <subfield code="a">Pe&#xF1;a, Juana </subfield>
    <subfield code="e">fotogr.</subfield>
    <subfield code="9">83116</subfield>
  </datafield>
  <datafield tag="700" ind1="1" ind2=" ">
    <subfield code="a">Marcelino, Elvis </subfield>
    <subfield code="e">fotogr.</subfield>
    <subfield code="9">83121</subfield>
  </datafield>
  <datafield tag="700" ind1="1" ind2=" ">
    <subfield code="a">Franco, F&#xE1;tima </subfield>
    <subfield code="e">fotogr.</subfield>
    <subfield code="9">83122</subfield>
  </datafield>
  <datafield tag="710" ind1="2" ind2=" ">
    <subfield code="a">Fondo para el Desarrollo Verde (SICA)</subfield>
    <subfield code="9">75000</subfield>
  </datafield>
  <datafield tag="710" ind1="2" ind2=" ">
    <subfield code="a">Uni&#xF3;n Europea </subfield>
    <subfield code="9">50712</subfield>
  </datafield>
  <datafield tag="910" ind1=" " ind2=" ">
    <subfield code="a">Mfeliz</subfield>
  </datafield>
  <datafield tag="942" ind1=" " ind2=" ">
    <subfield code="2">ddc</subfield>
    <subfield code="c">LBS1</subfield>
  </datafield>
  <datafield tag="952" ind1=" " ind2=" ">
    <subfield code="0">0</subfield>
    <subfield code="1">0</subfield>
    <subfield code="2">ddc</subfield>
    <subfield code="5">1</subfield>
    <subfield code="7">0</subfield>
    <subfield code="8">PD</subfield>
    <subfield code="a">BNPHU</subfield>
    <subfield code="b">BNPHU</subfield>
    <subfield code="c">CT</subfield>
    <subfield code="d">2021-03-26</subfield>
    <subfield code="e">Dep&#xF3;sito Legal / B&#xFA;ho</subfield>
    <subfield code="o">R426g</subfield>
    <subfield code="p">2021-1491</subfield>
    <subfield code="r">2021-04-19</subfield>
    <subfield code="w">2021-04-19</subfield>
    <subfield code="y">LBS1</subfield>
  </datafield>
  <datafield tag="952" ind1=" " ind2=" ">
    <subfield code="0">0</subfield>
    <subfield code="1">0</subfield>
    <subfield code="2">ddc</subfield>
    <subfield code="5">1</subfield>
    <subfield code="7">0</subfield>
    <subfield code="8">PD</subfield>
    <subfield code="a">BNPHU</subfield>
    <subfield code="b">BNPHU</subfield>
    <subfield code="c">CT</subfield>
    <subfield code="d">2021-03-26</subfield>
    <subfield code="e">Dep&#xF3;sito Legal / B&#xFA;ho</subfield>
    <subfield code="o">R426g</subfield>
    <subfield code="p">2021-1492</subfield>
    <subfield code="r">2021-04-19</subfield>
    <subfield code="t">e.2</subfield>
    <subfield code="w">2021-04-19</subfield>
    <subfield code="y">LBS1</subfield>
  </datafield>
  <datafield tag="952" ind1=" " ind2=" ">
    <subfield code="0">0</subfield>
    <subfield code="1">0</subfield>
    <subfield code="2">ddc</subfield>
    <subfield code="5">6</subfield>
    <subfield code="7">0</subfield>
    <subfield code="8">DS</subfield>
    <subfield code="a">BNPHU</subfield>
    <subfield code="b">BNPHU</subfield>
    <subfield code="c">CT</subfield>
    <subfield code="d">2023-02-15</subfield>
    <subfield code="e">Dep&#xF3;sito Legal / B&#xFA;ho</subfield>
    <subfield code="o">R426g</subfield>
    <subfield code="p">2021-1493</subfield>
    <subfield code="r">2021-04-19</subfield>
    <subfield code="t">e.3</subfield>
    <subfield code="w">2021-04-19</subfield>
    <subfield code="y">LBS1</subfield>
  </datafield>
  <datafield tag="952" ind1=" " ind2=" ">
    <subfield code="0">0</subfield>
    <subfield code="1">0</subfield>
    <subfield code="2">ddc</subfield>
    <subfield code="5">6</subfield>
    <subfield code="7">0</subfield>
    <subfield code="8">DS</subfield>
    <subfield code="a">BNPHU</subfield>
    <subfield code="b">BNPHU</subfield>
    <subfield code="c">CT</subfield>
    <subfield code="d">2021-07-16</subfield>
    <subfield code="e">Donado por Medio Ambiente</subfield>
    <subfield code="l">0</subfield>
    <subfield code="o">R426g</subfield>
    <subfield code="p">2023-0941</subfield>
    <subfield code="r">2023-02-15</subfield>
    <subfield code="t">e.4</subfield>
    <subfield code="w">2023-02-15</subfield>
    <subfield code="y">LBS1</subfield>
  </datafield>
  <datafield tag="952" ind1=" " ind2=" ">
    <subfield code="0">0</subfield>
    <subfield code="1">0</subfield>
    <subfield code="2">ddc</subfield>
    <subfield code="5">6</subfield>
    <subfield code="7">0</subfield>
    <subfield code="8">DS</subfield>
    <subfield code="a">BNPHU</subfield>
    <subfield code="b">BNPHU</subfield>
    <subfield code="c">CT</subfield>
    <subfield code="d">2021-07-06</subfield>
    <subfield code="e">Donado por Medio Ambiente</subfield>
    <subfield code="l">0</subfield>
    <subfield code="o">R426g</subfield>
    <subfield code="p">2023-0942</subfield>
    <subfield code="r">2023-02-15</subfield>
    <subfield code="t">e.5</subfield>
    <subfield code="w">2023-02-15</subfield>
    <subfield code="y">LBS1</subfield>
  </datafield>
  <datafield tag="999" ind1=" " ind2=" ">
    <subfield code="c">49754</subfield>
    <subfield code="d">49754</subfield>
  </datafield>
</record>
